000 00508nam a2200169Ia 4500
008 090711s9999 xx 000 0 und d
082 _b66981
100 _aसोवनी रा. वि.
245 _aकन्सल्टिंग रुम
260 _c1977
300 _a92
600 _aसोवनी रा. वि.
630 _aकन्सल्टिंग रुम
700 _aसोवनी रा. वि.
730 _aकन्सल्टिंग रुम
942 _cBOOK
999 _c309143
_d309143